Satu kemahiran dalam persidangan

Bibliographic Details
Main Author: Wong, Fook Khoon (Author)
Format: Book
Language:Malay
Published: Kuala Lumpur : Dewan Bahasa dan Pustaka 1989
Subjects:

MARC

LEADER 00000cam a2200000 7i4500
001 0000001699
005 20240924.0
008 991126 my may
020 |a 983820850x (pbk) 
040 |a INS   |b eng   |e rda 
090 0 0 |a PN241.5.M3   |b .W66 1989 
100 1 |a Wong, Fook Khoon ,   |e author 
245 1 0 |a Satu kemahiran dalam persidangan   |c Wong Fook Khoon 
264 1 |a Kuala Lumpur :   |b Dewan Bahasa dan Pustaka   |c 1989 
300 |a xii, 56 pages ;   |c 22 cm. 
336 |a text  |2 rdacontent 
337 |a unmediated  |2 rdamedia 
338 |a volume  |2 rdacarrier 
504 |a Includes bibliographical references 
650 0 |a Translating and intreprating 
999 |a 0000003480   |b BOOK   |c Open Shelf   |e Default branch